[Event "XV Festival A"]
[Site "Trieste ITA"]
[Date "2013.09.02"]
[Round "4"]
[White "Basso, Pier Luigi"]
[Black "Solomon, Kenny"]
[WhiteElo "2208"]
[BlackElo "2372"]
[Result "1/2-1/2"]
[PlyCount "51"]
[EventDate "2013.08.31"]

1. d4 d6 2. e4 Nf6 3. Nc3 g6 4. Bc4 Bg7 5. Qe2 O-O 6. e5 dxe5 7. dxe5 Nfd7 8.
e6 Ne5 9. exf7+ Kh8 10. h4 Nbc6 11. h5 g5 12. Be3 Nd4 13. Bxd4 Qxd4 14. Bb3 Bg4
15. f3 Bxh5 16. Rd1 Qb6 17. Rd5 Bxf7 18. Rxe5 Bxe5 19. Qxe5+ Qf6 20. Qxf6+ exf6
21. Bxf7 Rxf7 22. Nge2 Rd8 23. Kf2 Rd2 24. Rc1 f5 25. Ke1 Rd8 26. Rd1 1/2-1/2

[Event "XV Festival A"]
[Site "Trieste ITA"]
[Date "2013.09.02"]
[Round "4"]
[White "Chetverik, Maxim"]
[Black "Cherin, Diego"]
[WhiteElo "2260"]
[BlackElo "2239"]
[Result "1-0"]
[PlyCount "121"]
[EventDate "2013.08.31"]

1. d4 f5 2. c4 Nf6 3. Nc3 g6 4. h4 d6 5. h5 Nxh5 6. e4 Ng7 7. exf5 gxf5 8. Be2
Be6 9. Bh5+ Nxh5 10. Qxh5+ Bf7 11. Qxf5 Qd7 12. Qxd7+ Nxd7 13. b3 e5 14. d5 c6
15. dxc6 bxc6 16. Ba3 O-O-O 17. Nf3 h5 18. Ng5 Bg8 19. Rd1 Nf6 20. Rh3 d5 21.
Bxf8 Rxf8 22. cxd5 cxd5 23. Nb5 a6 24. Rc1+ Kb8 25. Nd6 d4 26. Rf3 Bd5 27. Rf5
Bxg2 28. Ngf7 Ng4 29. Nxh8 Rxh8 30. f3 Ne3 31. Rf7 Rd8 32. Ne4 Nd5 33. Kf2 Bh3
34. Rc6 d3 35. Nd2 Bc8 36. Rh6 Nf4 37. Re7 Rd5 38. Rb6+ Ka8 39. Rc6 Rd8 40.
Rxe5 Rh8 41. Rf6 Ne2 42. Rd6 h4 43. Rxd3 h3 44. Rxe2 h2 45. Re1 h1=Q 46. Rxh1
Rxh1 47. a4 Kb8 48. Rc3 Kb7 49. Ne4 Bh3 50. Kg3 Bf1 51. Rc1 Kb6 52. b4 Rh3+ 53.
Kg4 Rh1 54. Kf4 Rh4+ 55. Kg5 Rh1 56. Ng3 Rh3 57. Nxf1 Rxf3 58. Nd2 Rf2 59. Nc4+
Ka7 60. a5 Rf3 61. Nd6 1-0

[Event "XV Festival A"]
[Site "Trieste ITA"]
[Date "2013.09.02"]
[Round "4"]
[White "Cretnik, Urban"]
[Black "Capaliku, Aleks"]
[WhiteElo "1924"]
[BlackElo "2140"]
[Result "1-0"]
[PlyCount "51"]
[EventDate "2013.08.31"]

1. e4 e5 2. Nf3 Nc6 3. Bb5 Nf6 4. O-O Nxe4 5. Re1 Nd6 6. Nxe5 Nxe5 7. Rxe5+ Be7
8. Bf1 O-O 9. d4 Bf6 10. Re1 Nf5 11. c3 d5 12. Bf4 c6 13. Nd2 Ne7 14. Bd3 Ng6
15. Bg3 Be6 16. h3 Qd7 17. Qh5 Rfe8 18. f4 Qc7 19. Bh2 Nxf4 20. Qxh7+ Kf8 21.
Rf1 Bg5 22. Rae1 Bh6 23. Re5 Nxh3+ 24. gxh3 Qd7 25. Nb3 b6 26. Bg6 1-0

[Event "XV Festival A"]
[Site "Trieste ITA"]
[Date "2013.09.02"]
[Round "4"]
[White "Franca, Veronika"]
[Black "Ivanovic, Andrej"]
[WhiteElo "1927"]
[BlackElo "2143"]
[Result "1-0"]
[PlyCount "81"]
[EventDate "2013.08.31"]

1. d4 e6 2. c4 f5 3. g3 Nf6 4. Bg2 c6 5. Nf3 d5 6. O-O Bd6 7. b3 Qe7 8. Bb2 b6
9. Ne5 Bb7 10. Nd2 O-O 11. Qc2 a5 12. Rae1 Nbd7 13. f3 c5 14. e4 cxd4 15. Nxd7
Qxd7 16. Bxd4 Bc5 17. Bxc5 bxc5 18. cxd5 exd5 19. e5 Ne8 20. Qxc5 Nc7 21. f4
Ne6 22. Qd6 Rfd8 23. Qxd7 Rxd7 24. Rc1 a4 25. b4 a3 26. Nb3 Ra4 27. Nc5 Nxc5
28. bxc5 Bc6 29. Rfd1 Kf7 30. Rd3 Ke6 31. Rb3 Rc4 32. Rxc4 dxc4 33. Rxa3 Bxg2
34. Kxg2 Rd2+ 35. Kf3 Kd5 36. Re3 Rxa2 37. e6 Ra8 38. e7 Re8 39. Re5+ Kd4 40.
c6 c3 41. Ke2 1-0

[Event "XV Festival A"]
[Site "Trieste ITA"]
[Date "2013.09.02"]
[Round "4"]
[White "Gleizerov, Evgeny"]
[Black "Bosiocic, Marin"]
[WhiteElo "2567"]
[BlackElo "2563"]
[Result "1/2-1/2"]
[PlyCount "49"]
[EventDate "2013.08.31"]

1. d4 Nf6 2. c4 e6 3. g3 c5 4. d5 d6 5. Nc3 exd5 6. cxd5 g6 7. Nf3 Bg7 8. Bg2
O-O 9. O-O Re8 10. h3 Na6 11. Re1 Ne4 12. Nxe4 Rxe4 13. Nd2 Re8 14. a4 Nb4 15.
Nc4 b6 16. Bf4 Bf8 17. Qd2 Ba6 18. b3 Bxc4 19. bxc4 Bg7 20. Ra3 a6 21. h4 Qf6
22. Bf1 Qd4 23. Qxd4 Bxd4 24. Rb1 Rad8 25. Bd2 1/2-1/2

[Event "XV Festival A"]
[Site "Trieste ITA"]
[Date "2013.09.02"]
[Round "4"]
[White "Janzelj, Tim"]
[Black "Dvirnyy, Danyyil"]
[WhiteElo "2242"]
[BlackElo "2549"]
[Result "0-1"]
[PlyCount "100"]
[EventDate "2013.08.31"]

1. d4 d5 2. c4 e6 3. Nc3 c6 4. cxd5 exd5 5. Qc2 Bd6 6. e3 Nf6 7. Bd3 O-O 8. h3
Re8 9. Nge2 Nbd7 10. g4 c5 11. g5 Ne4 12. Bxe4 dxe4 13. Nxe4 Bf8 14. Bd2 cxd4
15. Nxd4 Nc5 16. f3 Nxe4 17. fxe4 Qxg5 18. O-O-O Qe5 19. Bc3 Qxe4 20. Qxe4 Rxe4
21. Nc2 Be6 22. Rd4 Rxd4 23. Nxd4 Bd7 24. Kd2 f6 25. Kd3 Re8 26. h4 Re5 27. Be1
Kf7 28. Bg3 Rc5 29. Re1 Be7 30. b3 Rc8 31. Rg1 Bb4 32. Bf4 h6 33. Rf1 Rc5 34.
Bg3 Bh3 35. Rg1 Rc8 36. Ke4 g5 37. hxg5 hxg5 38. Kd3 Kg6 39. Ke4 f5+ 40. Kf3
Rc3 41. Be1 Rc1 42. Rxg5+ Kxg5 43. Bxb4 Bg4+ 44. Kg3 Rg1+ 45. Kf2 Ra1 46. Be7+
Kg6 47. a3 Rd1 48. Bc5 f4 49. Bb4 Rd3 50. Nc2 Bd1 0-1

[Event "XV Festival A"]
[Site "Trieste ITA"]
[Date "2013.09.02"]
[Round "4"]
[White "Kolesar, Milan"]
[Black "Plenca, Jadranko"]
[WhiteElo "2141"]
[BlackElo "2138"]
[Result "1/2-1/2"]
[PlyCount "41"]
[EventDate "2013.08.31"]

1. Nf3 d5 2. d4 Nf6 3. c4 c6 4. cxd5 cxd5 5. Nc3 Nc6 6. Bf4 a6 7. e3 Bg4 8. Bd3
e6 9. h3 Bh5 10. Rc1 Bd6 11. Bxd6 Qxd6 12. O-O O-O 13. a3 b5 14. b4 Nd7 15. Qc2
Bxf3 16. gxf3 g6 17. Nxb5 axb5 18. Qxc6 Qxc6 19. Rxc6 Rxa3 20. Bxb5 Rb8 21. Ra6
1/2-1/2

[Event "XV Festival A"]
[Site "Trieste ITA"]
[Date "2013.09.02"]
[Round "4"]
[White "Mazi, Leon"]
[Black "Sirnik, Bostjan"]
[WhiteElo "2368"]
[BlackElo "2211"]
[Result "1/2-1/2"]
[PlyCount "123"]
[EventDate "2013.08.31"]

1. e4 d5 2. exd5 Qxd5 3. Nc3 Qa5 4. d4 Nf6 5. Nf3 c6 6. Ne5 Be6 7. Nc4 Qc7 8.
Bg5 Nbd7 9. Qd2 Bxc4 10. Bxc4 e6 11. Bf4 Bd6 12. Ne2 O-O 13. O-O-O Bxf4 14.
Qxf4 Qxf4+ 15. Nxf4 e5 16. dxe5 Nxe5 17. Bb3 Rfe8 18. f3 Nfd7 19. c3 Nc5 20.
Bc2 a5 21. Rd4 Kf8 22. Rhd1 g6 23. b3 Re7 24. Nh3 Ne6 25. Re4 Nd7 26. Rde1 Nf6
27. Re5 Rd7 28. Rd1 Rxd1+ 29. Bxd1 Nd5 30. Kc2 Ke7 31. Nf2 Kd6 32. Re1 Nc5 33.
g3 b5 34. a3 b4 35. cxb4 axb4 36. a4 f5 37. f4 Ne6 38. Nd3 Nd4+ 39. Kb2 Rf8 40.
Ne5 Nc3 41. Bc2 Rf6 42. Bd3 c5 43. Bf1 Ne4 44. Bg2 Nd2 45. Re3 Kc7 46. Rd3 Ne4
47. Bxe4 fxe4 48. Re3 g5 49. Ng4 gxf4 50. Rxe4 Rg6 51. Rxf4 Re6 52. Rf2 h5 53.
Nf6 Kc6 54. g4 Re3 55. g5 Rxb3+ 56. Kc1 c4 57. g6 Ra3 58. Ne4 c3 59. Kb1 Rb3+
60. Kc1 Ra3 61. Kb1 Rb3+ 62. Kc1 1/2-1/2

[Event "XV Festival A"]
[Site "Trieste ITA"]
[Date "2013.09.02"]
[Round "4"]
[White "Milazzo, Mario"]
[Black "Al Zayat, Ahmed"]
[WhiteElo "2040"]
[BlackElo "2109"]
[Result "1-0"]
[PlyCount "79"]
[EventDate "2013.08.31"]

1. d4 d6 2. c4 Nf6 3. Nc3 g6 4. e4 Bg7 5. f3 O-O 6. Be3 Nbd7 7. Qd2 Re8 8.
O-O-O c6 9. e5 Nh5 10. g4 dxe5 11. gxh5 exd4 12. Bxd4 e5 13. Be3 Qa5 14. Bh3 f5
15. hxg6 hxg6 16. Nge2 Nf8 17. Bh6 Be6 18. Bxg7 Kxg7 19. Rhg1 b5 20. Ng3 Kf7
21. Qg5 b4 22. Nh5 Re7 23. Ne4 fxe4 24. Qf6+ Ke8 25. Bxe6 Rd8 26. Rxd8+ Qxd8
27. Ng7+ Rxg7 28. Qxg7 Nxe6 29. Qxg6+ Ke7 30. Rd1 Qh8 31. Qxe4 Qxh2 32. Qxc6 a5
33. Qe4 Nc5 34. Qd5 Qf4+ 35. Kb1 Qf5+ 36. Ka1 Ne6 37. c5 Qc2 38. Re1 Kf7 39.
Qxe5 Nxc5 40. Qf4+ 1-0

[Event "XV Festival A"]
[Site "Trieste ITA"]
[Date "2013.09.02"]
[Round "4"]
[White "Mocchi, Tullio"]
[Black "Srebrnic, Vojko"]
[WhiteElo "2245"]
[BlackElo "2202"]
[Result "0-1"]
[PlyCount "100"]
[EventDate "2013.08.31"]

1. d4 Nf6 2. Nf3 c5 3. d5 b5 4. c4 g6 5. cxb5 a6 6. b6 Qxb6 7. Nc3 d6 8. e4 Bg7
9. Be2 O-O 10. Nd2 Nbd7 11. Nc4 Qc7 12. O-O Nb6 13. Ne3 e6 14. a4 exd5 15. exd5
a5 16. Bd2 Bb7 17. Qb3 Rfb8 18. Qa2 Re8 19. Bd3 Rec8 20. Nc4 Nbxd5 21. Nb5 Qc6
22. f3 Nb4 23. Bxb4 cxb4 24. Nbxd6 Rd8 25. Be4 Qc5+ 26. Kh1 Bxe4 27. Nxe4 Nxe4
28. fxe4 Rd3 29. Rac1 b3 30. Qb1 Rad8 31. e5 Bxe5 32. Nxe5 Qxe5 33. Rce1 Qd5
34. Rg1 Rd2 35. h3 Rc8 36. Qe4 Qxe4 37. Rxe4 Rc5 38. Rb1 Rcc2 39. Rg4 Rxb2 40.
Rxb2 Rxb2 41. Rg5 f5 42. Rg3 Kf7 43. Rc3 Ke6 44. Rc5 Rc2 45. Rb5 b2 46. Kh2 Kf6
47. Kg3 g5 48. Kf3 h5 49. h4 gxh4 50. Kf4 Rc4+ 0-1

[Event "XV Festival A"]
[Site "Trieste ITA"]
[Date "2013.09.02"]
[Round "4"]
[White "Rossi, Francesco"]
[Black "Pregarac, Valter"]
[WhiteElo "1882"]
[BlackElo "2135"]
[Result "0-1"]
[PlyCount "52"]
[EventDate "2013.08.31"]

1. e4 e5 2. f4 exf4 3. Nf3 Ne7 4. d4 d5 5. e5 Ng6 6. Bd3 c5 7. c3 Nc6 8. Bxg6
hxg6 9. Bxf4 Bg4 10. Be3 Qb6 11. O-O cxd4 12. cxd4 Qxb2 13. Nbd2 Bf5 14. Qe2
Be7 15. Rac1 a6 16. Qf2 Nd8 17. h3 Ne6 18. g4 Bd3 19. Ng5 Nxg5 20. Bxg5 Bxf1
21. Rxf1 Bxg5 22. Qxf7+ Kd8 23. e6 Qxd4+ 24. Rf2 Be7 25. Nb3 Qe3 26. Qxg7 Rf8
0-1

[Event "XV Festival A"]
[Site "Trieste ITA"]
[Date "2013.09.02"]
[Round "4"]
[White "Rozentalis, Eduardas"]
[Black "Kuljasevic, Davorin"]
[WhiteElo "2607"]
[BlackElo "2577"]
[Result "1/2-1/2"]
[PlyCount "39"]
[EventDate "2013.08.31"]

1. e4 e5 2. Nf3 Nc6 3. Bb5 a6 4. Bxc6 dxc6 5. d3 Bd6 6. Be3 Ne7 7. Nbd2 c5 8.
Nc4 f6 9. a4 Be6 10. O-O O-O 11. c3 Nc6 12. a5 Be7 13. Qe2 b5 14. axb6 cxb6 15.
Qc2 b5 16. Ncd2 a5 17. Nb3 Qb6 18. d4 cxd4 19. cxd4 Nb4 20. Qd1 1/2-1/2

[Event "XV Festival A"]
[Site "Trieste ITA"]
[Date "2013.09.02"]
[Round "4"]
[White "Scholzen, Wolfgang"]
[Black "Zuttioni, Federico"]
[WhiteElo "2138"]
[BlackElo "2068"]
[Result "1-0"]
[PlyCount "69"]
[EventDate "2013.08.31"]

1. d4 Nf6 2. Nf3 g6 3. c4 c5 4. e3 Bg7 5. Nc3 O-O 6. Be2 cxd4 7. exd4 d5 8. h3
Nc6 9. O-O Bf5 10. Be3 dxc4 11. Bxc4 Rc8 12. a3 Na5 13. Ba2 Ne4 14. Rc1 Nxc3
15. bxc3 Nc4 16. Bxc4 Rxc4 17. Qb3 Qc8 18. Nd2 Rc7 19. c4 Rd8 20. Nf3 b6 21.
Bf4 Rcd7 22. d5 e6 23. Ne5 Bxe5 24. Bxe5 Qc5 25. Qf3 exd5 26. g4 dxc4 27. Ba1
Rd3 28. Qf4 Rxh3 29. gxf5 c3 30. Rfd1 Rxd1+ 31. Rxd1 Qc6 32. Rd8+ Kg7 33. f6+
Qxf6 34. Rg8+ Kxg8 35. Qxf6 1-0

[Event "XV Festival A"]
[Site "Trieste ITA"]
[Date "2013.09.02"]
[Round "4"]
[White "Suc, Timothy"]
[Black "Ioffe, Evgeny"]
[WhiteElo "2130"]
[BlackElo "2029"]
[Result "1-0"]
[PlyCount "81"]
[EventDate "2013.08.31"]

1. e4 e5 2. Nf3 Nc6 3. Bb5 a6 4. Bxc6 dxc6 5. O-O f6 6. d4 exd4 7. Nxd4 Bd6 8.
Nc3 Ne7 9. Be3 Bd7 10. Qd3 Ng6 11. f4 Qe7 12. Rae1 O-O-O 13. Qc4 Nf8 14. Kh1 g6
15. f5 Be5 16. Nf3 Bd6 17. e5 Bxe5 18. Bg5 fxg5 19. Nxe5 gxf5 20. Nxc6 Qxe1 21.
Na7+ Kb8 22. Rxe1 Ng6 23. Qc5 Rhe8 24. Rxe8 Rxe8 25. Kg1 Nf4 26. Nd5 Nxd5 27.
Qxd5 Be6 28. Qd4 h6 29. a4 f4 30. b4 Bf5 31. Qc5 Bg4 32. h3 Bh5 33. b5 Re1+ 34.
Kh2 Re2 35. Kg1 Re1+ 36. Kf2 Re2+ 37. Kf1 Re8 38. bxa6 Be2+ 39. Kg1 Bxa6 40.
Nb5 c6 41. Qd6+ 1-0

[Event "XV Festival A"]
[Site "Trieste ITA"]
[Date "2013.09.02"]
[Round "4"]
[White "Tratar, Marko"]
[Black "Beletic, Daniel"]
[WhiteElo "2503"]
[BlackElo "2249"]
[Result "1-0"]
[PlyCount "67"]
[EventDate "2013.08.31"]

1. Nf3 Nf6 2. c4 g6 3. Nc3 Bg7 4. e4 d6 5. d4 O-O 6. Be2 c5 7. O-O cxd4 8. Nxd4
Nc6 9. Be3 Nxd4 10. Bxd4 Be6 11. Qd2 Qa5 12. Rad1 Rfc8 13. b3 a6 14. f4 Kh8 15.
Bf3 Rab8 16. Qe3 b5 17. f5 Bd7 18. e5 dxe5 19. Bxe5 Bxf5 20. Bxb8 Rxb8 21. c5
b4 22. Na4 Qc7 23. g3 h5 24. Rfe1 Be6 25. Qf4 Qc8 26. Rd4 a5 27. Red1 Ng4 28.
Nb6 Qxc5 29. Qxb8+ Kh7 30. Qd8 Ne5 31. Bg2 Nd7 32. Nxd7 Bxd4+ 33. Kh1 Qc2 34.
Nf8+ 1-0

[Event "XV Festival A"]
[Site "Trieste ITA"]
[Date "2013.09.02"]
[Round "4"]
[White "Trussevich, Sergey"]
[Black "Visintin, Roberto"]
[WhiteElo "2328"]
[BlackElo "2098"]
[Result "1-0"]
[PlyCount "69"]
[EventDate "2013.08.31"]

1. Nf3 Nf6 2. b3 d5 3. Bb2 e6 4. e3 Be7 5. d4 Nbd7 6. Nbd2 c5 7. Bd3 Qa5 8. O-O
cxd4 9. exd4 Ba3 10. Bxa3 Qxa3 11. Re1 O-O 12. Ne5 Qb2 13. Ndf3 Nxe5 14. dxe5
Ne4 15. Bxe4 dxe4 16. Rxe4 Bd7 17. Qc1 Qxc1+ 18. Rxc1 Bc6 19. Rd4 f6 20. exf6
gxf6 21. Rd6 e5 22. Rcd1 Kf7 23. Nh4 Rg8 24. f3 Rg5 25. Kf2 Re8 26. g3 e4 27.
f4 e3+ 28. Ke2 Rc5 29. c4 b5 30. g4 bxc4 31. b4 Rb5 32. Rxc6 Rxb4 33. Rc7+ Kg8
34. Rdd7 Rb2+ 35. Kf3 1-0

[Event "XV Festival A"]
[Site "Trieste ITA"]
[Date "2013.09.02"]
[Round "4"]
[White "Ulibin, Mikhail"]
[Black "Postny, Evgeny"]
[WhiteElo "2553"]
[BlackElo "2628"]
[Result "0-1"]
[PlyCount "120"]
[EventDate "2013.08.31"]

1. e4 e5 2. Nf3 Nc6 3. Bb5 a6 4. Ba4 Nf6 5. O-O Be7 6. Re1 b5 7. Bb3 d6 8. c3
O-O 9. a4 b4 10. a5 Rb8 11. Bc4 Be6 12. Bxa6 Ra8 13. Bb5 Nxa5 14. cxb4 Nb3 15.
Rxa8 Qxa8 16. Nc3 Nd4 17. Nxd4 exd4 18. Ne2 Qxe4 19. d3 Qe5 20. Bc6 Ng4 21. Nf4
Qf5 22. h3 Ne5 23. Be4 Qf6 24. Nd5 Bxd5 25. Bxd5 c6 26. Bb3 Rb8 27. f4 Ng6 28.
Bd2 d5 29. Qg4 Bd6 30. g3 h5 31. Qxh5 Bxb4 32. Bxb4 Rxb4 33. Re8+ Nf8 34. Qd1
Qf5 35. Kg2 Qd7 36. Re2 Qb7 37. Ba4 Rxb2 38. Rc2 c5 39. Qe2 Rxc2 40. Qxc2 c4
41. Kf2 Qa6 42. f5 Nh7 43. Qa2 c3 44. Qc2 Nf6 45. Bb3 Qc8 46. g4 Qb8 47. Kf3
Qb5 48. Ba4 Qa6 49. g5 Nh7 50. h4 g6 51. fxg6 Qxg6 52. Qb1 Qf5+ 53. Kg3 Qe5+
54. Kf3 Nf8 55. Qb5 Qe3+ 56. Kg4 c2 57. Bxc2 Qe2+ 58. Kf5 Qe6+ 59. Kf4 Ng6+ 60.
Kg3 Qe3+ 0-1

[Event "XV Festival A"]
[Site "Trieste ITA"]
[Date "2013.09.02"]
[Round "4"]
[White "Valsecchi, Alessio"]
[Black "Tonel, Giulia"]
[WhiteElo "2412"]
[BlackElo "1973"]
[Result "1-0"]
[PlyCount "89"]
[EventDate "2013.08.31"]

1. e4 d6 2. d4 Nf6 3. Nc3 g6 4. g3 Bg7 5. Bg2 Nc6 6. d5 Nb8 7. h3 c6 8. Nge2
O-O 9. O-O a6 10. Be3 Qc7 11. a4 a5 12. Qd2 Na6 13. Rad1 Rb8 14. Nd4 Bd7 15.
Kh2 Nb4 16. Rfe1 Rfe8 17. f4 cxd5 18. exd5 Rbc8 19. Re2 Qc4 20. Bf2 Na6 21.
Ndb5 Bxb5 22. axb5 Nc5 23. Qe1 Qb4 24. Bxc5 Qxc5 25. Rxe7 Rxe7 26. Qxe7 Re8 27.
Qxb7 Qf2 28. Rf1 Qxc2 29. Qc6 Qxb2 30. b6 Qxc3 31. Qxc3 Ng4+ 32. hxg4 Bxc3 33.
Rc1 Bb4 34. Rc7 Rb8 35. b7 Kg7 36. Bf1 a4 37. Ba6 Bc5 38. Rc8 Ba7 39. Rc4 a3
40. Kg2 Re8 41. Ra4 Re3 42. Bc4 Bb8 43. Ra8 Rc3 44. Rxb8 Rxc4 45. Ra8 1-0

[Event "XV Festival A"]
[Site "Trieste ITA"]
[Date "2013.09.02"]
[Round "4"]
[White "Vezzani, Stefano"]
[Black "Eggleston, David J."]
[WhiteElo "2162"]
[BlackElo "2363"]
[Result "0-1"]
[PlyCount "108"]
[EventDate "2013.08.31"]

1. Nf3 Nf6 2. g3 e6 3. Bg2 d5 4. O-O Be7 5. d3 O-O 6. Nbd2 b5 7. a4 b4 8. c4
bxc3 9. bxc3 c5 10. c4 Nc6 11. cxd5 exd5 12. Ba3 Rb8 13. Qc2 Nb4 14. Bxb4 cxb4
15. Nb3 Bd7 16. Rac1 Rc8 17. Qa2 Bd6 18. Nfd4 Qb6 19. a5 Qb8 20. e3 h5 21. h3
Rc3 22. Rxc3 bxc3 23. Rc1 Rc8 24. Ne2 Bb4 25. Nf4 Qd6 26. Nd4 Ba3 27. Ra1 Bb2
28. Rf1 Rc5 29. Nb3 Rc7 30. Nd4 Rc5 31. Nb3 Rc8 32. Nd4 Be6 33. h4 Re8 34. Qb3
Rb8 35. Qa2 Qa3 36. Ra1 Qxa2 37. Rxa2 Rb4 38. Nfe2 Bc8 39. Nc6 Rb7 40. Ncd4 Rc7
41. a6 c2 42. Rxb2 c1=Q+ 43. Nxc1 Rxc1+ 44. Kh2 Ng4+ 45. Kh3 Nxf2+ 46. Kh2 Ng4+
47. Kh3 Nxe3+ 48. Kh2 Ng4+ 49. Kh3 Ne5+ 50. Kh2 Bxa6 51. Bxd5 Bxd3 52. Rb8+ Kh7
53. Kg2 Rd1 54. Rb4 Bf1+ 0-1

[Event "XV Festival A"]
[Site "Trieste ITA"]
[Date "2013.09.03"]
[Round "5"]
[White "Al Zayat, Ahmed"]
[Black "Rossi, Francesco"]
[WhiteElo "2109"]
[BlackElo "1882"]
[Result "1-0"]
[PlyCount "75"]
[EventDate "2013.08.31"]

1. d4 Nf6 2. Nf3 d5 3. Bf4 c5 4. e3 Qb6 5. Nc3 Bf5 6. Bd3 Bxd3 7. Qxd3 c4 8.
Qd2 e6 9. O-O Bb4 10. Qe2 Bxc3 11. bxc3 Ne4 12. Rfb1 Nxc3 13. Qe1 Nxb1 14. Rxb1
Qa6 15. Qb4 Nc6 16. Qc5 Qxa2 17. Re1 Qa5 18. Bd6 Qxc5 19. dxc5 b6 20. e4 dxe4
21. Nd2 bxc5 22. Bxc5 Kd7 23. Nxc4 Rhd8 24. Rxe4 Kc7 25. h3 Rd5 26. Be3 a5 27.
Kh2 Ra6 28. Na3 a4 29. c4 Rd3 30. Bc5 Rxa3 31. Bxa3 e5 32. g4 Nd4 33. f4 Nc2
34. Bb2 exf4 35. Re7+ Kd6 36. Rxf7 a3 37. Bxg7 a2 38. Rf6+ 1-0

[Event "XV Festival A"]
[Site "Trieste ITA"]
[Date "2013.09.03"]
[Round "5"]
[White "Beletic, Daniel"]
[Black "Basso, Pier Luigi"]
[WhiteElo "2249"]
[BlackElo "2208"]
[Result "1-0"]
[PlyCount "47"]
[EventDate "2013.08.31"]

1. d4 Nf6 2. Nf3 e6 3. Bg5 d5 4. e3 Be7 5. Nbd2 O-O 6. Bd3 b6 7. Ne5 Bb7 8. O-O
h6 9. Bxf6 Bxf6 10. f4 Nd7 11. Qh5 Nxe5 12. fxe5 Bg5 13. Rae1 c5 14. c3 cxd4
15. cxd4 g6 16. Qh3 Kg7 17. Nf3 Be7 18. Qg3 Qc8 19. Rc1 Qd7 20. Nh4 Bg5 21.
Nxg6 fxg6 22. h4 Bxe3+ 23. Qxe3 Qe7 24. Rf6 1-0

[Event "XV Festival A"]
[Site "Trieste ITA"]
[Date "2013.09.03"]
[Round "5"]
[White "Bosiocic, Marin"]
[Black "Valsecchi, Alessio"]
[WhiteElo "2563"]
[BlackElo "2412"]
[Result "1/2-1/2"]
[PlyCount "77"]
[EventDate "2013.08.31"]

1. d4 Nf6 2. Nf3 d5 3. c4 dxc4 4. e3 a6 5. Bxc4 e6 6. O-O Nbd7 7. Qe2 b5 8. Bd3
Bb7 9. a4 b4 10. e4 Be7 11. Nbd2 c5 12. e5 Nd5 13. Ne4 cxd4 14. Bd2 Qb8 15.
Rac1 O-O 16. Neg5 g6 17. h4 h5 18. Rc4 Nc5 19. Rxd4 Nb3 20. Rc4 Nxd2 21. Qxd2
Bxg5 22. Qxg5 Kg7 23. a5 Qd8 24. Qxd8 Rfxd8 25. Be4 Rac8 26. Rfc1 Nc3 27. bxc3
Rxc4 28. Bxb7 bxc3 29. Rc2 Rc5 30. Kf1 Rb8 31. Bxa6 Rxa5 32. Bd3 Rb2 33. Rxc3
Raa2 34. Kg1 Rxf2 35. Bf1 Rfc2 36. Rxc2 Rxc2 37. Kh2 Rb2 38. Kg3 Rb4 39. Bd3
1/2-1/2

[Event "XV Festival A"]
[Site "Trieste ITA"]
[Date "2013.09.03"]
[Round "5"]
[White "Bruno, Fabio"]
[Black "Rozentalis, Eduardas"]
[WhiteElo "2421"]
[BlackElo "2607"]
[Result "0-1"]
[PlyCount "92"]
[EventDate "2013.08.31"]

1. d4 Nf6 2. c4 e6 3. Nc3 Bb4 4. e3 b6 5. Bd3 Bb7 6. Nf3 O-O 7. O-O Bxc3 8.
bxc3 d6 9. Qc2 Re8 10. e4 e5 11. Bg5 h6 12. Bh4 Nbd7 13. Rae1 Nf8 14. Bg3 Ng6
15. Nd2 Nh5 16. c5 dxc5 17. dxc5 Qf6 18. Bc4 Rad8 19. f3 Nxg3 20. hxg3 Qg5 21.
Rf2 Qxg3 22. Nf1 Qg5 23. Rd2 Qe7 24. cxb6 cxb6 25. Ne3 Nf4 26. Red1 Bc6 27. Bd5
Qc5 28. Bxc6 Qxe3+ 29. Kh2 Rxd2 30. Qxd2 Qxd2 31. Rxd2 Rc8 32. Rd6 Kf8 33. c4
Ne6 34. Bb5 Nc5 35. Rd5 f6 36. Bd7 Rd8 37. Bh3 Rxd5 38. cxd5 Ke7 39. Kg3 Na4
40. Kf2 Nc3 41. a3 Nb1 42. a4 a5 43. Ke3 Nc3 44. Kd3 Nxa4 45. Kc4 Nc5 46. g3
Nb7 0-1

[Event "XV Festival A"]
[Site "Trieste ITA"]
[Date "2013.09.03"]
[Round "5"]
[White "Capaliku, Aleks"]
[Black "Milazzo, Mario"]
[WhiteElo "2140"]
[BlackElo "2040"]
[Result "1-0"]
[PlyCount "89"]
[EventDate "2013.08.31"]

1. f4 d5 2. b3 Nf6 3. Nf3 e6 4. e3 Be7 5. Bb2 c5 6. Bb5+ Bd7 7. a4 Qb6 8. Qe2
a6 9. Bxd7+ Nbxd7 10. O-O Rc8 11. d3 c4 12. Bd4 cxd3 13. Qxd3 Qc6 14. c3 O-O
15. Nbd2 Ne4 16. Rfc1 Bf6 17. Rc2 Nxd2 18. Qxd2 Bxd4 19. exd4 Nf6 20. Qd3 Qb6
21. c4 dxc4 22. bxc4 Rfd8 23. Qa3 Qa5 24. Qb3 Qf5 25. g3 b5 26. axb5 axb5 27.
c5 Nd5 28. Rca2 h5 29. Re1 Qg4 30. Ne5 Qh3 31. Qf3 b4 32. Ra7 Nf6 33. Nc6 Ng4
34. Re2 Rxc6 35. Qxc6 Rxd4 36. Ra1 Nxh2 37. Rxh2 Qxg3+ 38. Qg2 Qxg2+ 39. Kxg2
Rc4 40. Rxh5 g6 41. Re5 Rxf4 42. Rc1 b3 43. Re2 Rg4+ 44. Kf3 Rb4 45. Rb2 1-0

[Event "XV Festival A"]
[Site "Trieste ITA"]
[Date "2013.09.03"]
[Round "5"]
[White "Cherin, Diego"]
[Black "Cretnik, Urban"]
[WhiteElo "2239"]
[BlackElo "1924"]
[Result "1-0"]
[PlyCount "61"]
[EventDate "2013.08.31"]

1. e4 c5 2. Nf3 Nc6 3. d4 cxd4 4. Nxd4 e5 5. Nb3 Bb4+ 6. c3 Be7 7. g3 Nf6 8.
Bg2 d6 9. O-O Be6 10. Bg5 Ng4 11. Bc1 Nf6 12. f4 Qb6+ 13. Kh1 O-O-O 14. Qe2 g6
15. Na3 d5 16. exd5 Nxd5 17. c4 Qa6 18. Qf2 Ndb4 19. Nc5 Bxc5 20. Qxc5 Nd3 21.
Qb5 Qxb5 22. cxb5 Nd4 23. fxe5 Nxe5 24. Bg5 Rd5 25. Rac1+ Kd7 26. Rcd1 Re8 27.
Bf6 Nef3 28. Bxd4 Nxd4 29. Bxd5 Bxd5+ 30. Kg1 Nf3+ 31. Rxf3 1-0

[Event "XV Festival A"]
[Site "Trieste ITA"]
[Date "2013.09.03"]
[Round "5"]
[White "Dvirnyy, Danyyil"]
[Black "Mchedlishvili, Mikheil"]
[WhiteElo "2549"]
[BlackElo "2633"]
[Result "1/2-1/2"]
[PlyCount "63"]
[EventDate "2013.08.31"]

1. d4 d5 2. c4 c6 3. Nf3 Nf6 4. Nc3 dxc4 5. a4 Bf5 6. e3 e6 7. Bxc4 Bb4 8. O-O
O-O 9. Qe2 Bg6 10. Ne5 Nbd7 11. Nxg6 hxg6 12. Rd1 Qa5 13. Na2 Qxa4 14. e4 Qa5
15. e5 Nd5 16. h4 c5 17. h5 cxd4 18. hxg6 fxg6 19. Qg4 Rf5 20. Bxd5 exd5 21.
Qxg6 Rxe5 22. Bf4 Re7 23. Bg5 Rf7 24. Qe6 d3 25. Nxb4 Qxb4 26. Qxd5 Qxb2 27.
Be3 Qf6 28. Qxb7 Re8 29. Qd5 Rxe3 30. fxe3 Qf2+ 31. Kh1 Qh4+ 32. Kg1 1/2-1/2

[Event "XV Festival A"]
[Site "Trieste ITA"]
[Date "2013.09.03"]
[Round "5"]
[White "Eggleston, David J."]
[Black "Chetverik, Maxim"]
[WhiteElo "2363"]
[BlackElo "2260"]
[Result "1-0"]
[PlyCount "73"]
[EventDate "2013.08.31"]

1. e4 Nf6 2. e5 Nd5 3. d4 d6 4. Nf3 g6 5. Bc4 Nb6 6. Bb3 Bg7 7. exd6 cxd6 8.
O-O O-O 9. Re1 Nc6 10. c3 Bf5 11. Na3 d5 12. Bf4 a6 13. Qe2 Re8 14. Nc2 Be4 15.
Ne3 Bxf3 16. Qxf3 e6 17. Qg3 Rc8 18. Ng4 Ne7 19. Bc2 Nc4 20. Nh6+ Kf8 21. Qh3
Qd7 22. Ng4 h5 23. Ne5 Nxe5 24. Bxe5 Nc6 25. Bxg7+ Kxg7 26. Re2 b5 27. a3 Qd6
28. Qh4 Qe7 29. Qg3 Qc7 30. f4 a5 31. Rae1 Qd7 32. f5 exf5 33. Bxf5 Qxf5 34.
Rxe8 Rxe8 35. Rxe8 Qb1+ 36. Qe1 Qxb2 37. Rc8 1-0

[Event "XV Festival A"]
[Site "Trieste ITA"]
[Date "2013.09.03"]
[Round "5"]
[White "Franca, Veronika"]
[Black "Suc, Timothy"]
[WhiteElo "1927"]
[BlackElo "2130"]
[Result "1/2-1/2"]
[PlyCount "74"]
[EventDate "2013.08.31"]

1. d4 d5 2. c4 e6 3. Nc3 c5 4. cxd5 exd5 5. Nf3 Nc6 6. g3 Nf6 7. Bg2 Be7 8. O-O
O-O 9. dxc5 Bxc5 10. Bg5 d4 11. Bxf6 Qxf6 12. Ne4 Qe7 13. Nxc5 Qxc5 14. Rc1 Qb6
15. Qc2 g6 16. b3 Bf5 17. Qc5 Rfe8 18. Rfe1 Qxc5 19. Rxc5 Be4 20. Rd1 Rad8 21.
Rd2 b6 22. Rc1 Rd6 23. Rcd1 Red8 24. Ne1 Bxg2 25. Kxg2 Kf8 26. f4 Ke7 27. Nc2
f6 28. a4 a6 29. Na3 Rd5 30. Nc2 f5 31. Rd3 Ke6 32. Kf3 b5 33. axb5 axb5 34. h3
R8d7 35. Kg2 Rd8 36. Kf3 R8d7 37. Kg2 Rd8 1/2-1/2